00577nam a2200205Ia 450000500170000000800410001702000150005804000190007304100120009208200170010410000660012124500460018725000110023326000390024430000150028350400190029865000290031765100140034685000110036020240430151855.0131103s9999 xx 000 0 und d a007460290x aLoreto College aEnglish a371.42 bRAO aRao, S. Narayana  aCounselling and GuidancecS. Narayana Rao a2nd ed aNew DelhibTata McGraw-Hill c1997 axxi,321p,  aIncludes index aCounselling and Guidance aEducation aLCBED